Statistics for Washington Wizards 2000’s Starters

Click here to take the quiz!

General Stats

  • This quiz has been taken 48 times
  • The average score is 8 of 24

Answer Stats

PlayerStarts% Correct
Gilbert Arenas4
92%
Antawn Jamison5
85%
Michael Jordan2
72%
Caron Butler4
56%
Brendan Haywood6
46%
Kwame Brown1
46%
Michael Smith1
38%
Richard Hamilton2
36%
Jerry Stackhouse1
33%
Juwan Howard2
33%
Rod Strickland1
33%
DeShawn Stevenson2
28%
Larry Hughes3
28%
Jahidi White3
26%
Mitch Richmond1
23%
Andray Blatche1
18%
Antonio Daniels1
18%
Jarvis Hayes1
18%
Christian Laettner2
15%
Jared Jeffries2
13%
Chris Whitney2
5%
Mike James1
5%
Dominic McGuire1
0%
Felipe López1
0%

Score Distribution

Percentile by Number Answered

Percent of People with Each Score

Your Score History

You have not taken this quiz